00595nam a2200241Ia 450000500170000000800460001702000180006303700100008104000080009104000080009904000080010704100080011504100080012308400080013110000200013924500440015924500520020326000230025526000090027836500050028736500080029285600530030020260324141428.0008 260324s9999 xx 000 0 eng d a9780203055106 aEBOOK aCRL beng cCRL 2eng aeng qCRL aSamuel L. Bayer 0aConfessions of a Lapsed Neo-Davidsonian 0bEvents and Arguments in Compositional Semantics bTaylor and Francis c1997 a b290 uhttp://www.taylorfrancis.com/books/9780203055106